00545cam a22002171 4500001001300000003000400013005001700017008004100034010001700075035002000092040002400112042001200136050002300148100003400171245001800205260002200223300001900245500001400264700003200278999001700310sa 67004472 DLC20260227112347.0890606s1966 ii 000 0 hino  asa 67004472  a(OCoLC)19824641 aDLCcWaUdICRLdDLC apremarc00aPK2098.22.U654bG31 aGupta, Rameśacandra,d1940-10aGandhadīpa. c[1967, i.e. 1966] a80 p.c 22 cm. aIn Hindi.1 aŚarmā, Manohara,d1914- c74510d74510